| 000 | 00818 a2200241 4500 | ||
|---|---|---|---|
| 999 |
_c7299 _d7299 |
||
| 020 | _a0072314060 | ||
| 050 | 0 | 0 | _aHD62.5 HIS 2002 |
| 100 | 1 |
_aHisrich, Robert D. _eauthor |
|
| 245 | 1 | 0 |
_aEntrepreneurship / _cRobert D. Hisrich, Michael P. Peters. |
| 250 | _a5th ed. | ||
| 264 |
_aBoston : _bMcGraw-Hill, _c2002. |
||
| 300 |
_axix, 663 p. : _bcol. ill. ; |
||
| 500 | _aIncludes index | ||
| 504 | _aIncludes bibliographical references | ||
| 650 | 0 | _aNew business enterprises. | |
| 650 | 0 | _aEntrepreneurship. | |
| 650 | 0 | _aBusiness planning. | |
| 650 | 0 |
_aBusiness enterprises _xFinance. |
|
| 650 | 0 | _aSuccess in business. | |
| 700 | 1 |
_aPeters, Michael P. _eauthor |
|
| 942 |
_2lcc _cBK _e5th _h62.5 _iHIS _kHD |
||